Invitation to sociology: a humanistic perspective

保存先:
書誌詳細
第一著者: Berger, Peter L (著者)
フォーマット: 図書
言語:英語
出版事項: Nueva York Anchor Books 1963
主題:
タグ: タグ追加
タグなし, このレコードへの初めてのタグを付けませんか!

MARC

LEADER 00000nam a2200000 a 4500
001 UCR0012
003 CL-VaPUC
008 971129e19630000US |||||||||||||||||eng|d
082 0 4 |a 301  |b BER  |2 21 
100 0 |a Berger, Peter L  |e author  |9 342247 
245 1 0 |a Invitation to sociology: a humanistic perspective 
300 |a 191 p 
942 |c BK 
945 |d 19971129 00:00:00  |a jquezada 
260 |a Nueva York  |b Anchor Books  |c 1963 
650 0 |a Sociología   |9 255410 
650 0 |a Sociedad  |9 307903 
650 0 |a Ética  |9 255099 
650 0 |a Psicología social   |9 222894 
650 7 |a HOMBRE  |2 CL-VaPUC  |9 262149 
650 0 |a Humanismo  |9 256530 
583 |a last modification  |c 20130318 06:15:30  |k Rodrigo Vera 
999 |c 263673  |d 263671 
952 |0 0  |1 0  |4 0  |6 301_000000000000000_BER_1963  |7 0  |8 P  |9 293047  |a BIBEDU  |b BIBEDU  |c BIBEDU_PB  |d 2019-11-19  |i 3371573  |o 301 BER 1963  |p 3371573  |r 2024-01-25  |w 2019-11-19  |y BK  |k LIT 
952 |0 0  |1 0  |4 0  |6 301_000000000000000_BER_1963  |7 0  |8 A  |9 293048  |a BIBHIS  |b BIBHIS  |d 2019-11-19  |i 464378K  |o 301 BER 1963  |p 464378K  |r 2025-01-20  |w 2019-11-19  |y BK  |k HIS